| 000 | 01376nam a2200361 b 4500 | ||
|---|---|---|---|
| 001 | 45146 | ||
| 003 | DO-SdBPM | ||
| 005 | 20250530113953.0 | ||
| 007 | 45146 | ||
| 008 | 970627s2012 sp a | || ||spa | ||
| 020 | _a9789962040279 (Obra completa) | ||
| 020 | _a9789962040286 (v. 1) | ||
| 020 | _a9789962040293 (v. 2) | ||
| 020 | _a9789962040309 (v. 3) | ||
| 020 | _a9789962040316 (v. 4) | ||
| 040 |
_aDO-SdBPM _bspa _cBPMSU |
||
| 082 | 4 |
_aR036 _bE562g 2012 _2 22 |
|
| 245 | 0 | 0 |
_aEnciclopedia general básica / _cFrancisco Domingo ... [et al.] ; dirección editorial Sacramento Nieto. |
| 260 |
_aBarcelona : _bLexus, _c2012. |
||
| 300 |
_av. : _bil. ; _c29 cm. |
||
| 505 | 0 |
_gv. 1 : _tLos seres vivos. Las plantas. Los animales. Nuestro cuerpo . Los deportes. Educación cívica -- |
|
| 505 | 0 |
_gv. 2 : _t El planeta tierra. Conservación de la naturaleza. La historia del hombre. Aprender el español. -- |
|
| 505 | 0 |
_gv. 3 : _t Aritmética -- _tIniciación al álgebra -- _tGeometría -- _tComputación -- _tFísica -- |
|
| 505 | 0 |
_gv. 4 : _t Química. Tierras y pueblos. -- |
|
| 590 | _aInventariado, 2025/VM | ||
| 650 | 4 | _aEnciclopedia y diccionarios españoles | |
| 700 | 1 | _aDomingo, Francisco. | |
| 700 | 1 |
_aNieto, Sacramento, _eeditor |
|
| 710 | 2 | _aLexus | |
| 910 | _aVMateo V. Control de calidad. BPMSU | ||
| 942 |
_2ddc _cBK |
||
| 980 |
_a _a |
||
| 999 |
_c8247 _d8247 |
||